000 00657nam a2200253Ia 4500
001 29113
005 20240114001119.0
007 ta
008 060622s1985 g b000 u 465 u
040 _aCotton College,Assam
041 _a465
082 _a910.02
_bAh 52 Ph
100 _aAhmad, Enayat .
245 0 _aPhysical Geography /
_cEnayat Ahmad.
_hTextual Documents
250 _a1st ed. /
260 _aNew Delhi :
_bKalyani Publisher ,
_c1985.
300 _a152p. ;
_c22cm.
653 _aGeography-Physical
653 _aPhysical Geography
653 _aG-Geography
942 _2ddc
_cBK
999 _c29095
_d29095